000 00301nam a2200133Ia 4500
008 221030s9999 xx 000 0 und d
041 _aEnglish
082 _a105.23
100 _aC J Date
245 0 _aAdvanced Database Management System
_cby C J Date
260 _c0
650 _aMc
942 _cBK
999 _c11053
_d11053